00381nam a2200157Ia 4500008004100000020001800041082000800059100001600067245002100083250000600104260002900110300001000139500002400149650001400173700003600187230524s9999 xx 000 0 und d a9788131721407 bDOU aJ.F.Douglas 0aFluid Mechanics  a5 aNew DelhibPearsonc2013 a977p; aQuantity Number: 1 aMechanics a"J.M.Gasiorek , J.A.Swaffield"